Śladami podziemia
| Titel: | Śladami podziemia : działalność niepodległościowa w rejonie Tęgoborza w latach 1939 - 1953 / pod red. Dawida Golika |
|---|---|
| Beteiligt: | |
| Veröffentlicht: | Kraków : Instytut Pamie̜ci Narodowej [u.a.], 2013 |
| Umfang: | 166 S. : Ill. |
| Format: | Buch |
| Sprache: | Polnisch |
| Schriftenreihe/ mehrbändiges Werk: |
Z archiwów bezpieki ; 21 |
| ISBN: | 9788362628544 |
| Hinweise zum Inhalt: |
Inhaltsverzeichnis
|
| Lokale Klassifikation: | 37 8 T 106 |
|---|
alg: 32800342
001A $03004:04-09-13
001B $03025:16-01-23 $t11:01:06.000
001C $03004:10-01-14 $t09:35:15.000
001D $03004:10-01-14
001U $0utf8
001X $00
002@ $0Aau
003@ $0328003425
004A $A978-83-62628-54-4
007A $0328003425 $aHEB
007G $0DE0200654E6F642DF7F45C1257C6F00470336
009P $qapplication/pdf $A2 $3Inhaltsverzeichnis $uhttp://scans.hebis.de/HEBCGI/show.pl?32800342_toc.pdf $mV:DE-603;B:DE-Mb50
010@ $apol
011@ $a2013 $n2013
021A $aŚladami podziemia $ddziałalność niepodległościowa w rejonie Tęgoborza w latach 1939 - 1953 $hpod red. Dawida Golika
028C $D20220215 $Ecgwrk $8Golik, Dawid$Z1984- [Tp3] $945230489X
033A $pKraków $nInstytut Pamie̜ci Narodowej {[u.a.]
034D $a166 S.
034M $aIll.
036E $aZ archiwów bezpieki $l21
036F $x221 $8Z archiwów bezpieki $9199382182 $l21
044K $8Tęgoborze [Tg1] $9503666920
044K $#Untergrund $74354742-4 $8Untergrund$gPolitik [Ts1] $9088243834
044K $RKombattant $ROpposition $RWiderstandskämpfer $RProtest $#Government, Resistance to $#Underground movements, War $#Résistance politique $#Mouvements de résistance $#Politischer Widerstand $#Widerstand $#Widerstandsbewegung $#Politischer Widerstand $#Widerstandsbewegung $74079262-6 $8Widerstand [Ts1] $9085225177
045R $aGeschichte 1939-1953
lok: 32800342 24
101B $016-01-14 $t08:49:53.000
101C $016-01-14
101U $0utf8
145Z/01 $a37 8 T 106
exp: 32800342 24 1 #EPN
201B/01 $010-01-14 $t09:27:27.000
201C/01 $004-09-13
201U/01 $0utf8
203@/01 $070008245X
208@/01 $a10-01-14 $bz
209A/01 $a13.10871 $du $f050 $h13 10871 $x00
209C/01 $a13.10871 K $h13 10871 K
209G/01 $a73375029 $x00
220C/01 $awal
247C/01 $8358050-7 Marburg, Bibliothek des Herder-Instituts Marburg $9102600961
lok: 32800342 78
exp: 32800342 78 1 #EPN
201B/01 $016-01-23 $t10:52:05.000
201C/01 $016-01-23
201U/01 $0utf8
203@/01 $0122455809X
208@/01 $a16-01-23 $be
209A/01 $a/ $f000 $x00
209A/01 $ab*p $x01
220C/01 $apgar
244Z/01 $#Generalgouvernement Polen $#Polska $#Rzeczpospolita Polska $#Polska Rzeczpospolita Ludowa $#Poland $#Pologne $#République Polonaise $#Generalne Gubernatorstwo w Polsce $#Polish People's Republic $#Polska Rzeczpospolita Polen $#PRL $#RP $#Polen Generalgouvernement $#Polska Generalgouvernement $#Besetzte Polnische Gebiete $#Besetztes Gebiet in Polen $#Okupowane Polskie Obszary $#Obszary Okupowane w Polsce $#Volksrepublik Polen $#Polska Rosyjska $#Republic Polen $#Respublika Pol'ša $#Pol'skaja Narodnaja Respublika $#République de Pologne $#Polen Links der Weichsel $#Polska po Lewej Stronie Wisły $#Lenkija $#Polija $#Gubernija Carstva Pol'skago $#Republik Polen $74046496-9 $8--Tg1--Polen $x01 $9085129801
247C/01 $82080>Marburg/Lahn, Herder-Institut, Forschungsbibliothek, Bibliographieportal $9336309341
| LEADER | 00000cam a2200000 c 4500 | ||
|---|---|---|---|
| 001 | 328003425 | ||
| 003 | DE-603 | ||
| 005 | 20230116110106.0 | ||
| 007 | tu | ||
| 008 | 130904s2013 xx |||| | u00||u|pol c | ||
| 020 | |a 9788362628544 | ||
| 035 | |a (DE-599)HEB328003425 | ||
| 040 | |a DE-603 |b ger |c DE-603 |d DE-603 | ||
| 041 | |a pol | ||
| 245 | 0 | 0 | |a Śladami podziemia |b działalność niepodległościowa w rejonie Tęgoborza w latach 1939 - 1953 |c pod red. Dawida Golika |
| 264 | 1 | |a Kraków |b Instytut Pamie̜ci Narodowej [u.a.] |c 2013 | |
| 300 | |a 166 S. |b Ill. | ||
| 490 | 1 | |a Z archiwów bezpieki |v 21 | |
| 648 | 7 | |a Geschichte 1939-1953 |2 gnd | |
| 650 | 7 | |a Untergrund |g Politik |0 (DE-588)4354742-4 |0 (DE-603)088243834 |2 gnd | |
| 650 | 7 | |a Widerstand |0 (DE-588)4079262-6 |0 (DE-603)085225177 |2 gnd | |
| 651 | 7 | |a Tęgoborze |0 (DE-588)1278274952 |0 (DE-603)503666920 |2 gnd | |
| 700 | 1 | |a Golik, Dawid |d 1984- |0 (DE-603)45230489X |0 (DE-588)119320061X |2 gnd | |
| 830 | 0 | |t Z archiwów bezpieki |v 21 |w (DE-603)199382182 |9 221 |7 as | |
| 856 | 4 | 2 | |m V:DE-603;B:DE-Mb50 |q application/pdf |u http://scans.hebis.de/HEBCGI/show.pl?32800342_toc.pdf |3 Inhaltsverzeichnis |
| 924 | 0 | |9 Mb 50 |a (DE-603)70008245X |b DE-Mb50 |c HES |d c |g 13.10871 | |
| 924 | 0 | |9 2080 |a (DE-603)122455809X |b DE-2080 |c HES |d d |g / | |


